000
00243nam a22001097a 4500
040
_c
SY
082
_a
627
100
_a
សួស ចំណាន
245
_a
ការស្រោចស្រព
260
_a
RUA
_b
សួស
_c
2010
942
_c
KB
999
_c
9901
_d
9901